Sức mạnh từ cơ sở /

保存先:
書誌詳細
第一著者: Đặng Thanh.
フォーマット: 論文
言語:Vietnamese
主題:
HIV
タグ: タグ追加
タグなし, このレコードへの初めてのタグを付けませんか!
Thư viện lưu trữ: Thư viện Trường Đại học Đà Lạt
LEADER 00691nam a2200265 4500
001 DLU100110178
005 ##20100723
040 # # |a DLU  |b vie 
041 # # |a vie 
044 # # |a vn 
100 # # |a Đặng Thanh. 
245 # # |a Sức mạnh từ cơ sở /  |c Đặng Thanh. 
653 # # |a Dự án 
653 # # |a HIV 
653 # # |a Thống kê  
773 # # |t AIDS và cộng đồng  |g Số4(111), 2008, tr. 16 
920 # # |a Phòng Tạp chí -- Trung tâm Thông tin - Thư viện Trường Đại học Đà Lạt 
994 # # |a DLU 
900 # # |a True 
911 # # |a Nguyễn Thị Linh Chi 
925 # # |a G 
926 # # |a A 
927 # # |a BB 
980 # # |a Thư viện Trường Đại học Đà Lạt